La classifica perpetua della Serie B - Statistics

Statistiche generali
  • Questo quiz è stato fatto 1.174 volte
    599 dall'ultimo reset
  • Il punteggio medio è 81 su 142
Statistiche sulle risposte
Posizione Stagioni Punti Squadre % Corretto
4 48 2214 Bari
93%
122 1 85 Juventus
91%
108 2 104 Milan
91%
60 12 632 Napoli
91%
5 46 1936 Palermo
91%
25 29 1424 Lecce
90%
16 34 1373 Catania
89%
15 34 1575 Genoa
89%
61 12 620 Sampdoria
89%
58 12 772 Torino
89%
8 39 1658 Venezia
89%
29 28 1278 Atalanta
88%
83 5 254 Fiorentina
88%
64 11 472 Lazio
88%
2 53 2288 Hellas Verona
87%
79 5 345 Sassuolo
87%
44 19 694 Avellino
86%
1 65 3030 Brescia
86%
23 30 1239 Cagliari
86%
6 40 1589 Monza
86%
123 1 53 Roma
86%
43 19 730 Udinese
86%
80 5 309 Benevento
85%
62 12 591 Bologna
85%
27 29 1036 Catanzaro
85%
12 37 1568 Como
85%
31 27 1200 Livorno
85%
22 30 1301 Salernitana
85%
30 28 1183 Spezia
85%
59 12 699 Frosinone
84%
19 32 1202 Messina
84%
11 37 1602 Pisa
84%
33 25 1170 Reggina
84%
10 37 1695 Vicenza
84%
3 52 2151 Modena
83%
7 39 1726 Pescara
83%
65 10 555 Chievo Verona
82%
50 15 772 Crotone
82%
28 28 1382 Ascoli
81%
17 34 1368 Cremonese
81%
24 30 1134 Parma
81%
26 29 1362 Perugia
81%
54 14 505 Pro Vercelli
81%
14 35 1328 Reggiana
81%
18 33 1466 Cesena
80%
34 25 988 Foggia
80%
35 24 969 Spal
80%
37 22 951 Triestina
80%
9 38 1585 Padova
79%
21 30 1365 Ternana
79%
40 21 859 Ancona
78%
51 15 681 Mantova
78%
38 22 776 Alessandria
77%
32 26 1005 Cosenza
77%
36 22 1215 Empoli
77%
13 35 1389 Novara
77%
55 13 579 Siena
77%
56 13 482 Lecco
75%
81 5 271 Trapani
75%
69 9 397 Rimini
74%
20 31 1007 Taranto
74%
90 4 196 Latina
73%
42 19 896 Piacenza
73%
107 2 105 Südtirol
73%
117 2 63 Carrarese
71%
73 6 302 Grosseto
71%
84 5 185 Juve Stabia
71%
93 3 121 Pordenone
70%
86 5 180 Potenza
69%
39 21 918 Varese
69%
82 5 266 Carpi
68%
118 2 62 Casertana
68%
45 19 675 Lucchese
68%
49 16 614 Arezzo
67%
70 7 292 Ravenna
67%
48 17 702 Treviso
67%
134 1 28 Mater
65%
46 19 668 Pistoiese
64%
53 14 509 Pro Patria
64%
47 17 874 Cittadella
62%
67 10 300 Prato
58%
78 6 173 Savona
58%
71 7 258 Siracusa
58%
74 6 280 Virtus Entella
58%
76 6 186 Brindisi
57%
85 5 182 Campobasso
56%
88 5 127 Casale
55%
121 2 47 Gubbio
54%
68 9 478 Albinoleffe
53%
124 1 44 Forli
53%
100 3 89 L'Aquila
53%
91 4 128 Barletta
52%
104 3 73 Pavia
51%
120 2 58 Rieti
48%
129 1 33 Feralpisalò
42%
135 1 26 Matera
42%
41 21 725 Sambenedettese
40%
87 5 156 Pro Sesto
37%
94 3 111 Cavese
36%
132 1 29 Fermana
36%
52 15 549 Legnano
35%
128 1 40 Gallipoli
34%
140 1 22 Massese
33%
89 4 206 Virtus Lanciano
33%
75 6 248 Fidelis Andria
32%
95 3 99 Nocerina
32%
127 1 40 Portogruaro
32%
92 3 132 Sampierdarenese
32%
137 1 25 Sorrento
29%
141 1 21 Macerata
27%
113 2 74 Castel di Sangro
26%
109 2 85 Biellese
24%
131 1 31 Bolzano
24%
99 3 92 Savoia
24%
101 3 89 Sanremese
23%
110 2 80 Crema
22%
111 2 76 Acireale
21%
114 2 65 Licata
20%
77 6 178 Viareggio
20%
57 13 429 Fanfulla
17%
125 1 42 Alzano Virescit
15%
63 12 412 Vigevano
14%
97 3 96 Piombino
11%
112 2 75 Pro Gorizia
10%
115 2 65 Scafatese
10%
106 3 41 Derthona
9%
98 3 94 Gallaratese
9%
72 7 222 Seregno
8%
126 1 42 Fiumana
7%
139 1 22 Magenta
7%
96 3 98 Monfalcone
7%
116 2 65 Vigor Trani
7%
142 1 20 Centese
6%
66 10 336 Marzotto Valdagno
6%
130 1 33 Mestrina
6%
103 3 79 Vogherese
6%
133 1 28 Alba Roma
5%
119 2 61 La Dominante
5%
136 1 26 Molinella
5%
102 3 87 Suzzara
5%
105 3 49 Grion Pola
4%
138 1 25 Vita Nova
4%
Nessun quiz corrispondente trovato
Distribuzione punteggi
Percentuale di utenti per punteggio
Percentile per numero di risposta
I tuoi punteggi nel tempo
Non hai fatto questo quiz dall'ultimo reset